01931cam a22002897i 450000100090000000300040000900500170001300800410003001000170007102000180008804000700010604200140017605000260019008200220021610000210023824500850025925000120034426400360035626400110039230000250040333700060042850000200043452010860045465000360154065000460157670000190162218766342OSt20220413114324.0150901t20142014nyua 001 0 eng d a 2015458068 a9781430258544 aYDXCPbengcYDXCPerdadOCLCQdIXAdOCLCQdOCLCFdS4SdOCLCQdDLC alccopycat00aQA76.73.P98bR48 201404a005.137223bRHOB1 aRhodes, Brandon,10aFoundations of Python network programming /cBy Brandon Rhodes and John Goerzen. a3rd ed. 1aNew York, NY :bApress,c[2014] 4c©2014 aXxvi, 357p. ;c24 cm bn aIncludes index. aFoundations of Python Network Programming, Third Edition, covers all of the classic topics found in the second edition of this book, including network protocols, network data and errors, email, server architecture, and HTTP and web applications, plus updates for Python 3. Some of the new topics in this edition include:? Extensive coverage of the updated SSL support in Python 3? How to write your own asynchronous I/O loop.? An overview of the "asyncio" framework that comes with Python 3.4.? How the Flask web framework connects URLs to your Python code.? How cross-site scripting and cross-site request forgery can be used to attack your web site, and how to protect against them.? How a full-stack web framework like Django can automate the round trip from your database to the screen and back. If you're a Python programmer who needs a deep understanding of how to use Python for network-related tasks and applications, this is the book for you. From web application developers, to systems integrators, to system administrators?this book has everything that you need to know. 0aNetwork data and network errors 0aCatching and reporting network exceptions1 aGoerzen, John,